Obálka Náhled e-knihy:
PDF Epub
Pro půjčování e-knih musíte být přihlášeni.
Jak si půjčit online?

This man. Odpuštění /

Román "Odpuštění" je druhým dílem erotické trilogie "This Man" a je opět umístěn do smyslného světa, jemuž vládne vášeň, láska a erotika.

Uloženo v:
Série:Tento muž, část 2
Hlavní autor: Malpas, Jodi Ellen, 1980- (Autor)
Další autoři: Lišková, Zdenka (Autor)
Médium: E-kniha
Jazyk:Czech
Vydáno: Praha : XYZ, 2024
Vydání:2. vydání
Témata:
Příbuzné jednotky:Z cyklu:: Tento muž
Tagy:
Žádné tagy
LEADER 02580nam a2200469 i 4500
001 312461
003 CZ PrSKC
005 20260601215723.0
007 ta
008 240726s2024 xr e 000 f cze
015 |a cnb003624601 
020 |a 9788076835795  |q (vázáno) :  |c Kč 499,00 
035 |a (OCoLC)1455301618 
040 |a ABG001  |b cze  |e rda 
041 1 |a cze  |h eng 
072 7 |a 821.111-3  |x Anglická próza, anglicky psaná  |2 Konspekt 
080 |a 821.111-31  |2 MRF 
080 |a (0:82-993)  |2 MRF 
100 1 |a Malpas, Jodi Ellen,  |d 1980-  |7 ola2014847328  |4 aut 
240 1 0 |a Beneath this man.  |l Česky 
245 1 0 |a This man.  |p Odpuštění /  |c Jodi Ellen Malpasová ; z anglického originálu Beneath this man ... přeložila Zdenka Lišková 
246 3 0 |a Odpuštění 
250 |a 2. vydání 
264 1 |a Praha :  |b XYZ,  |c 2024 
300 |a 562 stran ;  |c 22 cm 
336 |a text  |b txt  |2 rdacontent 
337 |a bez média  |b n  |2 rdamedia 
338 |a svazek  |b nc  |2 rdacarrier 
520 2 |a Román "Odpuštění" je druhým dílem erotické trilogie "This Man" a je opět umístěn do smyslného světa, jemuž vládne vášeň, láska a erotika.  |b Ava O'Sheaová se nechala hýčkat pozorností okouzlujícího Jesseho Warda, užívala si rozkoš, kterou ji zahrnoval, ale zároveň cítila, že před ní něco skrývá a že ji od svého tajemství drží co nejdál. Musela ho opustit, aby přežila. Jenže Jessemu nejde uniknout. Teď je zpátky v jejím životě a připomíná jí všechno, co spolu prožili - neutuchající vášeň i bolest. Proto se Ava rozhodne, že o tomto muži zjistí pravdu. Znovu se ocitne v Panském sídle - tedy přesně tam, kde ji chtěl Jesse mít... Nakladatelská anotace. Kráceno. 
546 |a Český text 
655 7 |a anglické romány  |7 fd131814  |2 czenas 
655 7 |a erotické romány  |7 fd132211  |2 czenas 
655 9 |a English fiction  |2 eczenas 
655 9 |a erotic novels  |2 eczenas 
700 1 |a Lišková, Zdenka  |7 pna2012730651  |4 trl 
787 0 8 |i Z cyklu:  |t Tento muž  |g 2 
900 |a ABA001  |b 21 
928 9 |a Albatros Media - XYZ 
044 |a xr 
910 |a RBIT002 
998 |d 408213  |a https://core.palmknihy.cz/api/books/408213/cover?sh2szl  |b https://core.palmknihy.cz/api/books/408213/cover/400?sh2szl  |c https://core.palmknihy.cz/api/books/408213/cover/50?sh2szl  |e 2030-01-08  |g 568  |i 9788076835795  |j https://core.palmknihy.cz/api/books/408213/preview.epub  |k https://core.palmknihy.cz/api/books/408213/preview.pdf  |l   |q 49  |r 1  |s https://www.palmknihy.cz/kniha/408213  |t ebook  |y 2024  |z 0  |v Tento muž  |w 2 
999 |d 312459